000 00328nam a22001457a 4500
008 240129b ||||| |||| 00| 0 eng d
020 _a00318103
041 _aeng
080 _21986 VOLUME XCV
_a101
082 _a101BUR
100 _a44
101 _aFILOZOFI
245 _aTHE PHILOSOPHICAL
_cTYLER BURGE
942 _2udc
_cBK
999 _c60565
_d60565